Statistics for WWE superstars name by photos

Click here to take the quiz!

General Stats

  • This quiz has been taken 130 times
  • The average score is 30 of 46

Answer Stats

Answer% Correct
john cena
99%
undertaker
99%
brock lesnar
97%
triple h
96%
roman reigns
95%
seth rollins
95%
kurt angle
94%
andre the giant
92%
shawn michaels
91%
dean ambrose
87%
hulk hogan
73%
randy orton
73%
sting
72%
the rock
72%
ric flair
69%
big show
68%
cm punk
68%
stone cold steve austin
68%
big e
67%
kofi
67%
sheamus
67%
the miz
67%
aj styles
65%
batista
65%
bray wyatt
64%
daniel bryan
64%
goldberg
64%
kane
64%
Dolph Ziggler
60%
drew mcintyre
60%
cesaro
58%
finn balor
56%
edge
55%
rusev
55%
chris jericho
51%
elias
51%
kevin owens
51%
samoa joe
49%
shane mcmahon
49%
bobby lashley
47%
xavier
47%
enzo
45%
braun strowman
42%
big cass
38%
rey misterio
36%
johnny gargado
4%

Score Distribution

Percentile by Number Answered

Percent of People with Each Score

Your Score History

You have not taken this quiz